Euclidean sequences

Saved in:
Bibliographic Details
Main Author: Kraeft, Uwe
Format: Book
Language:English
Published: Aachen : Shaker Verlag, 2000
Series:Berichte aus der Mathematik
Subjects:
Tags: Add Tag
No Tags, Be the first to tag this record!

MARC

LEADER 00000cam a2200000 i 4500
001 1/22153
008 011003s2000 eng d
020 |a 3-8265-7557-1 
035 |l 10067425 
040 |a GR-MY-UA  |b gre  |e aacr 
041 0 |a eng 
082 0 |a 512.7 
100 1 |a Kraeft, Uwe. 
245 1 0 |a Euclidean sequences /  |c Uwe Kraeft 
260 |a Aachen :   |b Shaker Verlag,   |c 2000 
300 |a 78 p.;  |c 21 cm. 
490 1 |a Berichte aus der Mathematik 
504 |a Includes bibliographical references (p.59-60) 
650 0 0 |a Euclidean algorithm. 
830 0 |a Berichte aus der Mathematik 
852 |a INST  |b SAMOS  |e 20011003  |h 512.7 KRA  |p 005300020964  |q 005300020964  |t BK  |y 0 
901 |a BIBL3-2001-3 
970 |a ΜΑΛΑΓΑΡΗ  |b ΦΩΤΕΙΝΗ  |z 2001/10/3